| LEADER |
00849nam0a2200169 450 |
| 001 |
16868383 |
| 010 |
|
|
|a 978-2-494-67854-5
|b Br.
|d 7,9
|
| 100 |
|
|
|a 20260603d2026 u u0frey01 ba
|
| 101 |
0 |
|
|a fre
|
| 200 |
0 |
|
|a Non, non et non !
|f Mr Tan
|g ill. Diane Le Feyer
|
| 207 |
|
1 |
|a
|
| 330 |
|
|
|a Tu ne sais jamais comment dire NON ? Ouh là là, c'est le moment d'intervenir ! Car ce n'est pas parce qu'on est petit, qu'on ne peut pas exprimer sa mortellitude ! Regarde, même si elle ne parle pas encore, Mortelle Adèle trouve toujours un moyen de se faire comprendre. Car pour elle, quand c'est NON, c'est NON, NON et NON !
|
| 461 |
|
0 |
|t Mortelle Adèle
|
| 700 |
|
0 |
|a Mr Tan
|f 1981-....
|4 70
|
| 702 |
|
0 |
|a Le Feyer
|b Diane
|f 19..-....
|4 440
|
| 900 |
|
|
|a Roman (enfants)
|
| 995 |
|
|
|a Médiathèque
|c Médiathèque
|f 089021921
|h 089021921
|k E MOR
|o p
|q j
|r az
|e Médiathèque
|